Опыт одной кафедры; Вестник высшей школы; № 7

Opis bibliograficzny
Parent link:Вестник высшей школы/ Орган Всесоюзного Комитета по делам высшей школы при СНК СССР.— , 1940-1990
№ 7.— 1953.— С. 39-40
1. autor: Бутаков И. Н. Иннокентий Николаевич
Kolejni autorzy: Смиренский В. Н. Виктор Николаевич
Język:rosyjski
Wydane: 1953
Hasła przedmiotowe:
Format: MixedMaterials Rozdział
KOHA link:https://koha.lib.tpu.ru/cgi-bin/koha/opac-detail.pl?biblionumber=463297

MARC

LEADER 00000naa2a2200000 4500
001 463297
005 20231102015303.0
035 |a (RuTPU)RU\TPU\prd\127512 
035 |a RU\TPU\tpu\7380 
090 |a 463297 
100 |a 20111221a1953 k y0rusy50 ca 
101 0 |a rus 
102 |a RU 
200 1 |a Опыт одной кафедры  |f И. Н. Бутаков, В. Н. Смиренский 
461 0 |0 (RuTPU)RU\TPU\prd\1  |t Вестник высшей школы  |f Орган Всесоюзного Комитета по делам высшей школы при СНК СССР  |d 1940-1990 
463 0 |0 (RuTPU)RU\TPU\prd\73124  |t № 7  |v С. 39-40  |d 1953 
610 1 |a просвещение 
610 1 |a труды учёных ТПУ 
610 1 |a культура 
610 1 |a наука 
700 1 |a Бутаков  |b И. Н.  |c ученый-теплотехник  |c профессор Томского политехнического института  |f 1881-1970  |g Иннокентий Николаевич  |2 stltpush  |3 (RuTPU)RU\TPU\pers\18396 
701 1 |a Смиренский  |b В. Н.  |c выпускник МФ СТИ 1929 г.  |c преподаватель СТИ  |f 1901-?  |g Виктор Николаевич  |2 stltpush  |3 (RuTPU)RU\TPU\pers\23423  |4 070  |9 10199 
801 0 |a RU  |b 63413507  |c 20011210  |g PSBO 
801 2 |a RU  |b 63413507  |c 20111221  |g PSBO 
942 |c BK